Miasta w Europie powyżej 1 miliona mieszkańców na mapie - Statystyki

Ogólne statystyki
  • Ten quiz został rozwiązany 139 razy
  • Średni wynik to 31 z 40
Odpowiedzi na mapie
Odpowiedzi zakodowano w zielono-czerwonej skali na mapie do tego quizu, zgodnie z poniższymi procentami.
 
Statystyki odpowiedzi
Państwo Miasto Ludność % Poprawnych
Niemcy Berlin 3,7 mln
100%
Wielka Brytania Londyn 8,8 mln
100%
Hiszpania Madryt 3,4 mln
99%
Francja Paryż 2,1 mln
99%
Polska Warszawa 1,8 mln
99%
Hiszpania Barcelona 1,7 mln
98%
Ukraina Kijów 3 mln
98%
Węgry Budapeszt 1,7 mln
97%
Włochy Rzym 2,7 mln
97%
Grecja Ateny 3,1 mln
96%
Rosja Moskwa 13,2 mln
96%
Czechy Praga 1,4 mln
96%
Turcja Stambuł 15,2 mln
96%
Białoruś Mińsk 2 mln
95%
Niemcy Monachium 1,5 mln
95%
Dania Kopenhaga 1,4 mln
94%
Niderlandy Amsterdam 1,1 mln
93%
Irlandia Dublin 1,2 mln
93%
Austria Wiedeń 2 mln
93%
Rumunia Bukareszt 1,7 mln
92%
Belgia Bruksela 2 mln
91%
Bułgaria Sofia 1,2 mln
90%
Rosja Petersburg 5,6 mln
89%
Niemcy Hamburg 1,8 mln
85%
Włochy Mediolan 1,3 mln
84%
Serbia Belgrad 1,2 mln
80%
Ukraina Charków 1,4 mln
76%
Ukraina Odessa 1 mln
76%
Wielka Brytania Birmingham 1,1 mln
73%
Niemcy Kolonia 1 mln
65%
Belgia Antwerpia 1 mln
55%
Rosja Kazań 1,3 mln
49%
Rosja Rostów nad Donem 1,1 mln
45%
Rosja Wołgograd 1 mln
38%
Rosja Niżny Nowogród 1,2 mln
35%
Rosja Krasnodar 1,1 mln
30%
Rosja Ufa 1,1 mln
27%
Rosja Perm 1 mln
26%
Rosja Samara 1,1 mln
25%
Rosja Woroneż 1 mln
25%
Nie znaleziono quizów pasujących do podanych kryteriów
Rozkład punktacji
Procent ludzi z każdym wynikiem
Percentyl według liczby udzielonych odpowiedzi
Twoja historia wyników
Nie rozwiązałeś tego quizu